Remembering sylhet : (Record no. 104632)

MARC details
000 -LEADER
fixed length control field 00687nam a22002177a 4500
010 ## - LCCN (DPL NO)
LC control number ENG-116556
020 ## - INTERNATIONAL STANDARD BOOK NUMBER
International Standard Book Number 9788173049842
Terms of availability 595.00
035 ## - SYSTEM CONTROL NUMBER
System control number EN-100088
037 ## - SOURCE OF ACQUISITION
Source of stock number/acquisition DBAD/PUB
082 ## - DEWEY DECIMAL CLASSIFICATION NUMBER
Classification number 954.5104
100 ## - MAIN ENTRY--PERSONAL NAME
Personal name Dasgupta,Anindta
245 ## - TITLE STATEMENT
Title Remembering sylhet :
Statement of responsibility, etc by Anindita Dasgupta
Remainder of title Hindu and Muslim voices from a nearly forgotten story of India's patition /
260 ## - PUBLICATION, DISTRIBUTION, ETC. (IMPRINT)
Place of publication, distribution, etc New Delhi
Name of publisher, distributor, etc Orient Black Swan
Date of publication, distribution, etc 2016
270 ## - ADDRESS
Address 1/24 Asaf Ali Road
City New Delhi
Postal code 110002
300 ## - PHYSICAL DESCRIPTION
Extent 278p. :
Dimensions 21cm (Hb)
Other physical details ill
500 ## - GENERAL NOTE
General note
700 ## - ADDED ENTRY--PERSONAL NAME
Personal name Varma,Promodini
700 ## - ADDED ENTRY--PERSONAL NAME
Personal name Sanyal,Mukti
700 ## - ADDED ENTRY--PERSONAL NAME
Personal name Prasad,Tulika
942 ## - ADDED ENTRY ELEMENTS (KOHA)
Source of classification or shelving scheme Dewey Decimal Classification
Item type English Books
Classification part 954.5104
Call number suffix DAS
Holdings
Withdrawn status Lost status Not for loan Collection code Home library Current library Date acquired Source of acquisition Cost, normal purchase price Full call number Barcode Copy number Cost, replacement price Koha item type
      Non-fiction Diz Area Diz Area 15/11/2016 DBAD/PUB 595.00 954.5104 DAS EN-100088 1 595.00 English Books

© Delhi Public Library
Hit Counter
free hit counter